Oberzentren und Mittelzentren mit oberzentraler Teilfunktion in Hessen - Statistiken

Allgemein
  • Dieses Quiz wurde 68 mal gespielt
  • Das Durchschnittsergebnis liegt bei 11 aus 14
Antwortstatistiken
Stufe Stadt % Korrekt
Oberzentrum Frankfurt am Main
100%
Oberzentrum Kassel
98%
Oberzentrum Darmstadt
96%
Oberzentrum Fulda
93%
Oberzentrum Gießen
93%
Oberzentrum Wiesbaden
93%
Oberzentrum Marburg
89%
Oberzentrum Offenbach am Main
85%
Oberzentrum Hanau
84%
Mittelzentrum mit oberzentraler Teilfunktion Limburg an der Lahn
71%
Oberzentrum Wetzlar
65%
Mittelzentrum mit oberzentraler Teilfunktion Bad Hersfeld
58%
Mittelzentrum mit oberzentraler Teilfunktion Rüsselsheim am Main
55%
Mittelzentrum mit oberzentraler Teilfunktion Friedberg(Hessen)/Bad Nauheim
51%
Keine übereinstimmenden Quizze gefunden
Verteilung der Resultate
Anzahl Personen mit jedem Resultat
Perzentil nach korrekt beantworteten Fragen
Ihre Resultats-Entwicklung
Sie haben dieses Quiz noch nicht gespielt